000 00320nam a22001337a 4500
082 _a894.812.3
_bSAN/H
100 _aSANKUNNI,T.R
245 _aHITHOPADESAKATHAKAL
246 _aHITHOPADESAKATHAKAL
_bHITHOPADESAKATHAKAL
260 _aTHRISSUR
_bH&C
_c2018
300 _a240
520 _aHITHOPADESA KATHAKAL
942 _cBK
999 _c8360
_d8360